Spoločenská zodpovednosť podniku v riadení ľudských zdrojov

Teoretické východiská spoločenskej zodpovednosti podniku (SZP). Úloha manažérov ľudských zdrojov v rozvoji SZP. Súlad medzi vyhláseniami a konaním riadenia. Integrácia ľudí a vytváranie sociálno-etickej zložky SZP.

Na minha lista:
Detalhes bibliográficos
Autor principal: Marasová, Jana
Outros Autores: Vallušová, Anna
Formato: Capítulo de Livro
Idioma:eslovaco
Assuntos:
Tags: Adicionar Tag
Sem tags, seja o primeiro a adicionar uma tag!

MARC

LEADER 00000nla$a2200000$$$4500
001 0120158
005 20240226114124.5
041 0 |a slo 
044 |a SK 
245 1 0 |a Spoločenská zodpovednosť podniku v riadení ľudských zdrojov  |c Jana Marasová, Anna Vallušová 
520 |a Teoretické východiská spoločenskej zodpovednosti podniku (SZP). Úloha manažérov ľudských zdrojov v rozvoji SZP. Súlad medzi vyhláseniami a konaním riadenia. Integrácia ľudí a vytváranie sociálno-etickej zložky SZP. 
610 2 0 |a manažment personálny 
610 2 0 |a zdroje ľudské 
610 2 0 |a vedenie ľudí 
610 2 0 |a vedenie podniku 
610 2 0 |a spolurozhodovanie 
610 2 0 |a zodpovednosť spoločenská 
610 2 0 |a etika podnikateľská 
610 2 0 |a environmentalistika 
100 1 |a Marasová, Jana 
700 1 |a Vallušová, Anna